Utopía y revolución /

Gespeichert in:
Bibliographische Detailangaben
1. Verfasser: Lasky, Melvin J. (autor)
Format: Buch
Sprache:Spanisch
Veröffentlicht: México : Fondo de Cultura Económica, 1985, c1985
Tags: Tag hinzufügen
Keine Tags, Fügen Sie das erste Tag hinzu!

MARC

LEADER 00000nam^a2200000^a^4500
001 000628475
005 20260226000000.0
009 20260310134113.688
020 |a 968-16-2041-0 
037 |a Acervo Xavier Clavigero 
041 |a ESP 
091 |a FHG. 01419 
100 |a Lasky, Melvin J.  |e (autor) 
245 1 0 |a Utopía y revolución / 
264 4 |a México :  |b Fondo de Cultura Económica,  |c 1985, c1985 
300 |a 746 p. 
336 |a texto  |b txt  |2 rdacontenido 
337 |a sin mediación  |b n  |2 rdamedio 
338 |a volumen  |b nc  |2 rdasoporte 
649 |a XX 
910 |a Fondo Humberto García Bedoy S.J. 
920 |a Impresos - Libros 
930 |a Fondos Especiales 
905 |a 148 
901 |a 628711-10  |b IT2  |c ESP  |i D  |u 20260226 
902 |a https://opac.biblio.iteso.mx/vufind/Record/000628475